000
00349 a2200169 4500
001
183206
020
_a
040
_c
Magnum
100
_a
Vieira, Thereza Freire
240
1
0
_a
Meu amigo Diogo
_l
por
245
1
0
_a
Meu amigo Diogo
300
_a
123
362
0
_a
1993
440
1
_a
Nova Fronteira
697
_a
LITERATURA GERAL
942
_c
BK
999
_c
183206
_d
183206